000 00674nam a2200217 a 4500
003 OSt
005 20141023094008.0
008 020226s1990 mex 001 0 spa d
020 _a968-18-1272-7
040 _cBMC
082 _a658.15
100 1 _aBolten, Steven E.‏
_926446
245 1 0 _aAdministración financiera
_cSteven E. Bolten ; [traducción, Ricardo Calvet Pérez]
250 _a1ª ed., 2ª reimp
260 _aMéxico D.F. [etc.]
_bLimusa
_c1990
300 _a894 p.
_c26 cm
594 _1Traducción de: Managerial finance, principles and practice
650 2 4 _aEmpresas
_xFinanzas
_95713
700 1 _95028
_aCalvet Pérez, Ricardo
942 _2ddc
_cBK
999 _c14506
_d14506